Resultados de un viaje de estudios geológicos en los territorios del Río Negro y del Chubut, (Record no. 26592)

MARC details
000 -LEADER
fixed length control field 01158cam a22002531 4500
001 - CONTROL NUMBER
control field gs 27000340
003 - CONTROL NUMBER IDENTIFIER
control field DLC
005 - DATE AND TIME OF LATEST TRANSACTION
control field 20260227111332.0
008 - FIXED-LENGTH DATA ELEMENTS--GENERAL INFORMATION
fixed length control field 911112s1927 ag a b 000 0 spa c
010 ## - LIBRARY OF CONGRESS CONTROL NUMBER
LC control number gs 27000340
035 ## - SYSTEM CONTROL NUMBER
System control number (OCoLC)24767208
040 ## - CATALOGING SOURCE
Original cataloging agency Library, U. S. Geological Survey
Transcribing agency TxU
Modifying agency TxU
-- DLC
042 ## - AUTHENTICATION CODE
Authentication code premarc
050 00 - LIBRARY OF CONGRESS CALL NUMBER
Classification number QE231
Item number .A35 no. 33
100 1# - MAIN ENTRY--PERSONAL NAME
Personal name Wichmann, Richard,
Dates associated with a name 1881-1930.
245 10 - TITLE STATEMENT
Title Resultados de un viaje de estudios geológicos en los territorios del Río Negro y del Chubut,
Remainder of title efectuado durante los meses de enero hasta junio del año 1923,
Statement of responsibility, etc. por Ricardo Wichmann ...
260 ## - PUBLICATION, DISTRIBUTION, ETC.
Place of publication, distribution, etc. Buenos Aires,
Name of publisher, distributor, etc. Talleres gráficos del Ministerio de agricultura de la nación,
Date of publication, distribution, etc. 1927.
300 ## - PHYSICAL DESCRIPTION
Extent 59 p. incl. illus.
Dimensions 27 cm.
490 1# - SERIES STATEMENT
Series statement [Argentine Republic] Dirección general de minas, geología e hidrología. Publicación
Volume/sequential designation no. 33
500 ## - GENERAL NOTE
General note At head of title: República Argentina. Ministerio de agricultura de la nación.
504 ## - BIBLIOGRAPHY, ETC. NOTE
Bibliography, etc. note "Bibliografía": p.32-33.
650 #0 - SUBJECT ADDED ENTRY--TOPICAL TERM
Topical term or geographic name entry element Geology
Geographic subdivision Patagonia (Argentina and Chile)
810 1# - SERIES ADDED ENTRY--CORPORATE NAME
Corporate name or jurisdiction name as entry element Argentina.
Subordinate unit Dirección General de Minas y Geología.
Title of a work Publicación ;
Volume/sequential designation no. 33.

No items available.

Powered by Koha